00349pab a2200121 454500008004000000100002400040245008200064260000900146300001200155362001200167650002500179773002300204180718b1999 xxu||||| |||| 00| 0 eng d aThapliyal, Sangeeta aPotential for cooperation in South Asia: the need for a sub-regional approach c1999 ap.51-59 aJan-Jun aRegional cooperation aSouth Asian Survey